000 00304nam a2200109Ia 4500
008 241014s9999||||xx |||||||||||||| ||und||
020 _a978812391583-8
100 _aChatten Leslia G
245 0 _aPharmaceutical Chemistry Theor & Applications Vol 1
260 _bCBS publishers&dis
_c2008
942 _bDCOP
_cBK
999 _c2459
_d2459